000 00485nam a22001937a 4500
003 NUST - PNEC
005 20170116180819.0
008 150615b xxu||||| |||| 00| 0 eng d
020 _a8174091955
040 _cLIBRARY
082 _a510 GRE
100 _93991
_aGrewal, B.S.
245 _aHigher Engineering Mathematics
_cB.S. Grewal
250 _a-
260 _aDelhi
_bKhanna Publishers
_cc2005.
300 _a1276 p. :
650 _93997
_aMathematics
_xME
942 _2ddc
_cBK
999 _c63674
_d63674